[Event "Netanya Masters"]
[Site "Netanya"]
[Date "2019.07.01"]
[Round "8"]
[White "Svidler, Peter"]
[Black "Postny, Evgeny"]
[Result "1-0"]
[WhiteElo "2737"]
[BlackElo "2601"]
[Annotator "Postny,E"]
[PlyCount "91"]
[EventDate "2019.06.23"]
[EventType "tourn"]
[EventRounds "9"]
[EventCountry "ISR"]
[EventCategory "18"]
[SourceTitle "CBM 191"]
[Source "ChessBase"]
[SourceDate "2019.08.31"]
[SourceVersion "1"]
[SourceVersionDate "2019.08.31"]
[SourceQuality "1"]

{[%evp 0,91,19,38,25,7,30,29,28,3,9,3,24,-16,-3,-3,14,-33,0,-8,1,-38,-21,-40,
-16,-21,-5,-18,-8,-32,-21,-12,-3,-24,20,13,36,21,21,6,17,8,26,37,42,32,35,35,
40,34,41,40,48,39,71,102,58,42,50,53,68,58,52,62,150,125,125,161,140,40,40,76,
64,68,68,86,67,51,71,16,257,319,316,346,259,141,396,369,417,425,457,487,500,
500]} 1. e4 e5 2. Nf3 Nc6 3. Bb5 a6 4. Ba4 Nf6 5. O-O Be7 6. Re1 b5 7. Bb3 d6
8. a4 b4 9. a5 {A rare line.} ({In 2016 Peter played against me:} 9. d4 O-O 10.
dxe5 {- this position is a frequent guest on a high level.} dxe5 (10... Nxe5
11. Nbd2 Nfd7 12. Nd4 Nc5 13. Bd5 Rb8 14. Nc4 Bg4 15. Qd2 Nxc4 16. Bxc4 Bd7 17.
b3 Bf6 18. Bb2 c6 19. Rad1 Qb6 $11 {1-0 (38) Nakamura,H (2761)-Ding,L (2805)
Abidjan 2019}) 11. Nbd2 Bc5 12. a5 h6 13. h3 Qe7 14. Bd5 Bb7 15. Nb3 Rad8 16.
Qd3 Ba7 17. c4 Nb8 18. Nh4 Nxd5 19. Nf5 Qf6 20. cxd5 $14 {1/2-1/2 (31) Svidler,
P (2742)-Postny,E (2616) Novi Sad 2016}) 9... O-O 10. c3 Rb8 11. d3 {Now the
position transposes into one of the quiet "d3 setups".} (11. Bc4 {is a funny
line, which I faced once.} Nxe4 $5 {Black has numerous alternatives, but this
one leads to a very unusual position.} 12. Bd5 Nxf2 13. Kxf2 Nxa5 $1 14. cxb4 (
14. Rxa5 $2 c6 $17 {[%csl Ra5,Rd5]}) 14... c6 15. Ba2 Rxb4 {Black got three
pawns for the piece.} 16. d4 exd4 17. Kg1 c5 $13 {1/2-1/2 (38) De Jong,M (2331)
-Postny,E (2581) Groningen 2017}) 11... h6 (11... Be6 {is a possible
alternative.}) 12. Nbd2 bxc3 13. bxc3 Be6 14. Nc4 (14. Bxe6 fxe6 {There are
pros and cons of this structure. The e6 pawn covers important d5 and f5
squares, which usually compensates for the static drawbacks. The opened f-file
is useful as well.}) 14... Qc8 {Peter had already played this against non
other than Magnus Carlsen. However, during the game I wasn't aware of it, as
we reached this position by a different order of moves.} 15. Qc2 {Svidler
deviates from his own game.} (15. Bc2 Rd8 16. Qe2 Bf8 17. Ne3 d5 $11 {0-1 (36)
Svidler,P (2747)-Carlsen,M (2872) London 2013}) 15... Rd8 16. Ba3 (16. h3 {
is an invitation for the sacrifice.} Bxh3 $1 17. gxh3 Qxh3 18. Nh2 Ng4 19. Nxg4
Qxg4+ 20. Kf1 d5 21. exd5 Qh3+ 22. Ke2 Rxd5 23. Be3 e4 24. dxe4 Qh5+ 25. f3
Qh2+ 26. Bf2 Bh4 27. Rf1 Rg5 28. Ne3 Ne5 $44 {1/2-1/2 (42) Schmitz,A (2383)
-Grube,F (2221) ICCF email 2014}) (16. Bd2 {is an engine suggestion, but a
human player would be definitely concerned by} Bg4 {with a threat to spoil the
kingside structure.} 17. Ba4 Na7 (17... Bxf3 $6 18. Bxc6 Qg4 19. Ne3 $14) 18.
Qd1 Be6 19. Ne3 c5 {and Black should equalize.}) 16... Bf8 $6 {Too passive.} (
16... Nh5 $1 {was the right idea. Almost all white pieces are away from the
kingside.} 17. g3 $6 ({White can retreat:} 17. Bc1 {but, then it's just a
repetition of moves.}) 17... Nf4 $1 {is the point.} 18. gxf4 $2 Bxc4 19. Bxc4
Qg4+ $17) 17. Nfd2 $1 Ne7 $6 (17... d5 18. exd5 Rxd5 19. Bxf8 Qxf8 20. Ba4 Nxa5
21. Nxe5 {is in White's favour as he grabbed a more important central pawn.}) (
17... Nh5 {Now this idea is not effective anymore.} 18. g3 $14) (17... Na7 $1 {
would be the best manoeuvre. The knight is going to b5.}) 18. d4 Ng6 ({I can
not play} 18... exd4 19. cxd4 d5 20. Ne5 {and the fork on c6 is coming.}) 19.
d5 Bd7 20. Ne3 Ng4 {It is useful for Black to swap pair of knights.} 21. Nxg4
Bxg4 22. Rab1 Nf4 23. Bc4 Ra8 $6 {An ugly move, but I was worried to lose the
a6 pawn after the exchange of rooks.} (23... Rxb1 $1 24. Qxb1 (24. Rxb1 c6 $1 {
Black has enough counterplay.} 25. Rb6 cxd5 26. Bxa6 Qc7) 24... Qa8 25. Nf1 $14
) 24. Bf1 Bd7 25. Nc4 h5 {I wasn't happy with this move, but I didn't know
what to do.} (25... Bb5 26. Ne3 Bxf1 27. Rxf1 $16) (25... f5 26. g3 Nh5 27.
exf5 Bxf5 28. Bd3 $16) 26. Bc1 Be7 {I thought that it's better to allow to
take on f4 rather than to retreat to g6 and admit a total failure.} 27. Bxf4
exf4 28. e5 (28. Qd2 $1 {would be more accurate.} Bg5 29. e5 {The bishop on g5
is clumsy.}) 28... dxe5 29. Nxe5 Bf6 $6 (29... Re8 $1 {would be much more
flexible and only then to decide where to move the bishops.} 30. c4 (30. Qd2
Bf5 31. Rbd1 Bd6 $14) 30... Bf6 31. Nxd7 Qxd7 32. Red1 {White is better, but
opposite-coloured bishops offer reasonable chances for a draw.}) 30. Qd2 Be6 $6
{I thought that I must try to hit the d-pawn, but it doesn't work.} (30... Bf5
31. Rbd1 Bg4 32. f3 Re8 33. Qxf4 Qf5 34. Qxf5 Bxf5 {would offer more chances
to survive thanks to the pair of good bishops.}) 31. c4 c6 32. d6 c5 33. Rb6 (
33. Qxf4 Rxd6 34. Nxf7 Rd4 35. Nh6+ Kh7 36. Qe3 {is also good for White, but
less human.}) 33... Rb8 34. d7 (34. Rc6 {is more convincing.} Qb7 35. Rxc5 Rbc8
36. Rxc8 Qxc8 37. Qb4 $18) 34... Qc7 35. Rc6 Bxe5 36. Rxc7 Bxc7 37. Rxe6 $1 {
An obvious sacrifice. Now White keeps his d7 passer alive and gets a strong
initiative on the light squares.} fxe6 38. g3 Kf7 (38... Rb1 {would be more
tricky.} 39. Qe2 (39. gxf4 $2 Bxf4 $1 40. Qxf4 Rxd7 {Due to the double threat
Rdd1 and Rd4 Black wins the bishop.} 41. Kg2 Rd4 42. Qe5 Rg4+ 43. Kf3 Rxf1 44.
Qxe6+ Kh7 {and Black should hold.}) 39... Kf7 40. Qxh5+ Kf6 41. Qxc5 Rxd7 {
I believe that a player of Svidler calibre should win this position, but it
definitely will not be easy.}) 39. Bh3 $2 (39. gxf4 Ke7 40. f5 {was winning
without much of a drama.}) 39... Ke7 $2 {I didn't use my chance to come back
in the game on the last minute.} (39... g5 $1 40. Qd3 Rh8 ({Another idea is} 
40... g4 41. Qh7+ Kf6 42. Bf1 Be5 43. Qxh5 Bd4 44. Qxg4 fxg3 45. hxg3 Ke7 46.
Bh3 Rb1+ 47. Kg2 Re1 {with decent survival chances.}) 41. gxf4 gxf4 42. Qe4 Rh6
{It's still very unpleasant for Black, but holdable.}) 40. Qe2 {[%csl Re6] Now
it's all over.} Rb1+ 41. Kg2 f3+ 42. Qxf3 Rf8 43. Qxh5 Bd6 (43... Rb2 44. Qxc5+
Bd6 45. Qg5+ Kxd7 46. Qxg7+ $18 {[%csl Rb2]}) 44. Bxe6 Rb2 45. Qg5+ Kxe6 46.
d8=N+ (46. d8=N+ Kd7 47. Qxg7+ $18) 1-0

[Event "Bagneux Librairie Saint Germain"]
[Site "Bagneux"]
[Date "1982.07.??"]
[Round "6"]
[White "Seret, Jean Luc"]
[Black "Lengyel, Levente"]
[Result "1/2-1/2"]
[WhiteElo "2395"]
[BlackElo "2420"]
[Annotator "Primel,D"]
[PlyCount "91"]
[EventDate "1982.06.30"]
[EventType "tourn"]
[EventRounds "13"]
[EventCountry "FRA"]
[EventCategory "8"]
[SourceTitle "EXT 2020"]
[Source "ChessBase"]
[SourceDate "2019.10.17"]
[SourceVersion "1"]
[SourceVersionDate "2019.10.17"]
[SourceQuality "1"]

1. e4 e5 2. Nf3 Nc6 3. Bb5 a6 4. Ba4 Nf6 5. O-O Be7 6. Re1 b5 7. Bb3 d6 (7...
O-O) 8. c3 O-O 9. a4 {Une ligne secondaire} (9. h3 {La grande ligne}) 9... b4 (
9... Bg4 10. h3 Bxf3 (10... Bh5 11. d3 Na5 12. Ba2 c5 13. Nbd2 Qd7 14. g4 Bg6
15. Nf1 $14 {[%csl Rg6][%cal Gf1g3,Gf1e3,Gg3f5]}) 11. Qxf3 Na5 12. Bc2 b4 13.
d3 c5 $132 {Ivanovic,B (2490)-Gligoric,S (2515) Plovdiv 1986 (8) 1/2}) 10. a5 {
[%csl Ra6]} Rb8 11. Bc4 {[%csl Rc4] La faiblesse "a6" a été fixée et le Bc4
est trés fort} Bb7 (11... d5 $5 {Cette ligne secondaire ne semblait pas
connue à l'époque selon les bases}) 12. Qe2 {[%csl Ra6] Gagne un tempo
important} (12. d3 Kh8 13. Qb3 bxc3 14. bxc3 Nd7 15. Qa2 f5 16. Nbd2 g5 17. h3
f4 18. Rb1 Qe8 19. d4 Bf6 20. Bd5 Ba8 21. Qc4 Rxb1 22. Nxb1 Ndb8 23. Ba3 Be7
24. Nbd2 Qd7 25. Qa2 Bb7 26. dxe5 dxe5 27. Nc4 Bd6 28. Nxg5 Bc8 29. Nxd6 cxd6
30. Nf7+ Rxf7 31. Bxf7 Nd8 32. Bh5 Qg7 33. Kh2 Qh6 34. Qe2 Nd7 35. Bg4 Ne6 36.
Rd1 Nf6 37. Bxd6 f3 38. Bxf3 Nf4 39. Qf1 Bg4 40. Bxe5 Bxf3 41. gxf3 Qg5 {
Klovans,J-Tseitlin,M Soviet Union 1973 1-0}) 12... Ra8 13. d4 $5 $146 {Une
bonne nouveauté car sur 13.d3, les Noirs doivent pouvoir égaliser avec la
pousée d5} (13. d3 d5 $1 $132 14. Bb3 d4 15. cxd4 Nxd4 16. Nxd4 Qxd4 17. Be3
Qd7 18. h3 Ne8 19. Nd2 Rd8 20. Bc2 Nd6 21. Nb3 Nb5 22. Nc5 Bxc5 23. Bxc5 Nd4
24. Qd1 Nxc2 25. Qxc2 Rfe8 26. Re3 Qb5 27. b3 Bc6 28. Bxb4 Bd5 29. exd5 Qxb4
30. Qc4 Qb7 31. Rc1 Rxd5 32. b4 Re7 33. Qc6 Qxc6 34. Rxc6 Rd6 35. Rc5 f6 36. f4
Rd4 37. Rc4 Rd5 38. fxe5 fxe5 39. Rc6 Rd4 40. Re4 Rd6 41. Rec4 Rxd3 42. Rxc7
Rxc7 {Bertok,M-Forintos,G Belgrade 1962 1/2-1/2}) 13... exd4 14. cxd4 {[%csl
Gd4,Ge4]} d5 $132 {[%csl Rd4]} (14... Qd7 $6 15. d5 $1) 15. exd5 Nxd5 $11 {
[%csl Rb1,Rc1] La faiblesse "d4" est fixée et il n'est pas facile pour les
Blancs de terminer le développement de l'aile-dame} 16. Nbd2 Qd7 {[%cal Gf8e8,
Ge8e2] Les Noirs sous-estiment les problèmes de développement des Blancs et
laissent un répit} (16... Nf4 $142 $5 17. Qe3 Bg5 $1 18. Nxg5 Qxg5 $36 {
[%csl Rg2,Gg5][%cal Gb7g2,Gf4g2]} 19. Qg3 Qxg3 20. hxg3 Nxd4 21. gxf4 Nc2 22.
Rd1 Nxa1) 17. Nb3 Rfe8 18. Qd3 h6 {Un coup pas forcément utile et
l'affaiblissement n'est pas négligeable} 19. Bd2 Red8 20. Re2 $1 Bf8 21. Rae1
$14 {Les pièces Blanches sont un peu plus actives mais la position Noire est
solide. Pour l'instant le doublement des R est esthétique mais pas encore
très utile car il n'y a pas de cible} Qg4 $6 {[%cal Gd5f4] La Q est trop
exposée et les deux adversaires ont sous-estimé la richesse de la position.}
22. h3 (22. Qc2 Nf4 {[%cal Gf4e2,Gg4g2]} 23. Bxf7+ $3 Kxf7 24. Qc4+ (24. Bxf4
Qxf4 25. Qc4+ Kg6 26. Qd3+ Kf7 27. Qc4+ Kg6 28. Re4 Qf6 29. Re6) 24... Nd5 25.
Qxc6 $3 Bxc6 26. Ne5+ {[%cal Ge5f7,Ge5g4]}) 22... Qh5 23. Qc2 Kh8 24. Ne5 $1 (
24. Re4) 24... Nxe5 25. dxe5 (25. Rxe5 {[%csl Rh5]}) 25... c5 26. f4 $1 {
[%cal Gf4f5,Ge5e6] Les R doublées ont enfin trouvé une utilité et la
création d'un P passé est trés dangereuse} (26. e6 $143 $5 {[%cal Ge6e7,
Ge2e5]} fxe6 27. Re5 Qh4 28. R1e4 Qf6 $1 29. Rxe6 Qf5 $13 {La position Noire
semble tenir mais c'est trés compliqué à jouer.}) 26... Nc7 $2 {La Ra8
n'est toujours pas développée} (26... Rac8 $142 $5 27. f5) 27. f5 {[%csl Ge5,
Gf5]} Nb5 {[%csl Rb5] Non seulement la manoeuvre Nd5c7b5 est lente mais elle a
le défaut d'éloigner le N de la défense de l'aile-roi tout en permettant au
Bc4 de soutenir la poussée "e6"} 28. e6 $40 {[%csl Gc4]} fxe6 29. fxe6 {
[%csl Ge6][%cal Ge6e7] Le P passé soutenu par les deux R est monstrueux} Bd6 (
29... Be7 30. Re5 Qh4 31. R1e4 (31. Qg6 $1 Qxc4 32. Bxh6 $1 {Les pièces
Noires ont déserté l'aile-roi et sans surprise, les Blancs peuvent sacrifier}
Bf6 33. Bxg7+ Bxg7 34. Rh5+) 31... Qg3 32. Be1 Qg6) 30. e7 {[%csl Ge7]} Re8 31.
Qd3 $5 {[%cal Gc4b5,Gd3d6] Trop lent} (31. Re6 $1 {[%cal Ge6d6,Ge6h6,Gd2h6]}
Bg3 (31... Bc8 32. Bxb5 axb5 (32... Bxe6 33. Bxe8) 33. Rxd6) 32. Rxh6+ $3 gxh6
33. Re6 {[%cal Ge6h6]} Kg7 34. Bxh6+ Qxh6 35. Rxh6 Kxh6 36. Qf5 $18 {[%cal
Gf5f6]}) 31... Bc7 32. Qd7 {[%cal Gd7c7,Gc4b5]} Qh4 $1 {[%cal Gh4e7,Gh4c4]} 33.
Qg4 $2 $138 (33. Bf7 $1 Qg3 34. Bxe8 Qh2+ 35. Kf2 Bg3+ 36. Ke3 Bf4+ 37. Kd3
Qg3+ 38. Kc2 $18) 33... Qxg4 34. hxg4 Nd6 $1 {Empêche Bf7} 35. Nxc5 Nxc4 36.
Nxb7 Ra7 37. Rc1 Rxb7 {Après la série d'échange, l'attaque blanche
s'essoufle} 38. Rxc4 Bxa5 39. Rc6 Bb6+ 40. Kf1 a5 $1 {[%csl Re7] Non seulement
les Blancs n'ont plus d'attaque mais le P"e7" est maintenant une faiblesse et
non plus une force.} 41. g5 {[%cal Gg5g6]} hxg5 42. Bxg5 a4 43. Rd2 $1 {
[%cal Gd2d8] Une dernière cartouche} a3 $1 (43... Kg8 $2 44. Rd8 Kf7 45. Rxe8
Kxe8 46. Rc8+ Kf7 47. e8=Q#) 44. bxa3 bxa3 45. Ra2 (45. Rd8 Rxd8 46. exd8=Q+
Bxd8 47. Bxd8 a2 48. Ra6 Rb1+ 49. Ke2 a1=Q) 45... Bd4 46. Rxa3 {La paix des
braves} 1/2-1/2

[Event "ESP-chT CECLUB Honor"]
[Site "Melilla"]
[Date "2011.11.21"]
[Round "1"]
[White "Delchev, Aleksander"]
[Black "Inarkiev, Ernesto"]
[Result "0-1"]
[WhiteElo "2629"]
[BlackElo "2686"]
[Annotator "RR"]
[PlyCount "80"]
[EventDate "2011.11.21"]
[EventType "team-tourn"]
[EventRounds "7"]
[EventCountry "ESP"]
[SourceTitle "CBM 146"]
[Source "ChessBase"]
[SourceDate "2012.01.18"]
[SourceVersion "1"]
[SourceVersionDate "2012.01.18"]
[SourceQuality "1"]
[WhiteTeam "Solvay"]
[BlackTeam "Colegio Marcote EIKM"]
[WhiteTeamCountry "ESP"]
[BlackTeamCountry "ESP"]

1. e4 e5 2. Nf3 Nc6 3. Bb5 a6 4. Ba4 Nf6 5. O-O Be7 6. d3 d6 7. c3 O-O 8. Re1
b5 9. Bb3 h6 10. Nbd2 Re8 11. Nf1 Bf8 12. Ng3 Na5 13. Bc2 c5 14. d4 Bg4 15. d5
Nc4 16. a4 Nb6 17. a5 Nbd7 18. b3 g6 19. Nf1 h5 20. c4 b4 21. Qd3 Nh7 22. N3d2
Ndf6 23. h3 Bc8 24. Nf3 Ra7 25. N1h2 Kh8 26. Ng5 Nxg5 27. Bxg5 Be7 28. f4 Nd7
29. Nf3 f6 30. Bh6 $1 g5 31. fxg5 fxg5 32. h4 gxh4 33. Rf1 Rg8 34. Kh1 Nf6 35.
Ng5 $2 (35. Qd2 Nh7 36. Rf2 $17) 35... Qe8 $19 36. Ne6 Bxe6 37. dxe6 Qg6 38.
Qd2 Ng4 39. Bf4 exf4 40. e5 Qxe6 0-1

[Event "Rostock-A 15th"]
[Site "Rostock"]
[Date "1989.??.??"]
[Round "9"]
[White "Schoeneberg, Manfred"]
[Black "Stern, Rene"]
[Result "1-0"]
[WhiteElo "2320"]
[BlackElo "2335"]
[Annotator "Schoeneberg,M"]
[PlyCount "99"]
[EventDate "1989.08.19"]
[EventType "tourn"]
[EventRounds "9"]
[EventCountry "DDR"]
[EventCategory "6"]
[SourceTitle "EXT 2002"]
[Source "ChessBase"]
[SourceDate "2001.11.25"]
[SourceVersion "1"]
[SourceVersionDate "2001.11.25"]
[SourceQuality "1"]

1. e4 e5 2. Nf3 Nc6 3. Bb5 a6 4. Ba4 Nf6 5. O-O Be7 6. Re1 b5 7. Bb3 d6 8. c3
O-O 9. Bc2 {Eine seltene Fortsetzung, von Lutikov in die Praxis eingeführt.}
Bb7 (9... d5 10. exd5 Qxd5 11. d4 exd4 12. cxd4 Qd6 $11) 10. a4 b4 $6 {
Forciert die Ereignisse. Elastischer scheint} (10... Re8 {nebst Bf8 und
Umgruppierung des Läufers nach g7.}) 11. d4 bxc3 12. bxc3 exd4 13. cxd4 Nb4 {
Mit Remisangebot} 14. Nc3 Nxc2 15. Qxc2 {Schwarz hat das Läuferpaar, dafür
aber das Zentrum aufgegeben. Außerdem neigt das Bauernpaar c7/d6 zur Schwäche.
Weiß sollte die etwas besseren Aussichten besitzen.} d5 $2 {Schwarz will
sofort im Zentrum klären, fixiert dabei aber selbst die Schwäche c7 und
schränkt den Bb7 ein. Gehaltvoller war} (15... Re8 {nebst Nd7}) 16. e5 Ne4 17.
Rb1 {Möglich war auch der Abtausch des Be7 mit} (17. Ba3) 17... Rb8 18. Be3 $1
{Jetzt versank Schwarz in langes Nachdenken. Weiß droht 19. Nxe4 dxe4 20.Nd2
mit Bauerngewinn.} f5 {Auf} (18... a5 {folgt} 19. Red1 Bb4 20. Nxe4 dxe4 21.
Ng5 Qd5 22. f3 $1 {Das Nehmen auf c3 degradiert den Bb7 endgültig.}) 19. exf6
Bxf6 20. Bf4 $6 {Vielleicht besser} (20. Ne5 {,aber ich wollte nicht zu
schnell ein Endspiel mit ungleichfarbigen Läufern zulassen.}) 20... Ba8 $1 {
Eine sehr gute Risposte, die auf einem taktischen Kniff beruht:} 21. Nxe4 dxe4
22. Rxb8 (22. Bxc7 Rc8 $1 23. Bxd8 Rxc2 24. Bxf6 exf3 {,und ein Gewinn für
Weiß steht in den Sternen.}) 22... Qxb8 23. Bxc7 Qb7 24. Ne5 Qd5 {Es beginnt
Zeitnot von Schwarz.} 25. Qb2 Rc8 26. Bb6 Rb8 27. Rc1 (27. a5 Qxa5 $1) 27...
Bxe5 28. dxe5 e3 $5 {Kein schlechter Zug für die Zeitnot, aber Weiß fängt die
Initiative leicht ab, und mit dem Fall des e-Bauern entsteht eine Übermacht am
Königsflügel.} 29. f3 (29. fxe3 Rxb6 30. Rc8+ Kf7 31. Qf2+ Kg6 (31... Ke6 32.
Re8+ Kd7 33. e6+ $1 {mit Gewinn für Weiß}) 32. Qg3+ $11) 29... e2 30. Re1 Qd1
31. Kf2 Qxa4 {Erneutes Remisangebot.} 32. Rxe2 Qc6 33. Qa2+ Qd5 34. Qxd5+ Bxd5
{Endspiele dieser Art sind trotz ungleicher Läufer wegen der Türme schwer zu
halten.} 35. Bc7 Rc8 36. Bd6 Kf7 37. Rd2 Ke6 38. f4 g6 39. g4 Bb3 40. Rd3 Bc4
41. Rh3 $1 {Mit diesem und dem nächsten Zug wird die Blockade des Feldes f5
durchbrochen.} Rh8 42. f5+ $1 gxf5 43. Rh6+ Kd5 44. gxf5 a5 45. Ke3 a4 46. Rh4
$1 Bb3 47. Rd4+ Kc6 48. Ba3 Rg8 49. e6 Rg2 50. f6 1-0

[Event "World Women-ch"]
[Site "Manila"]
[Date "1991.??.??"]
[Round "8"]
[White "Chiburdanidze, Maia"]
[Black "Xie, Jun"]
[Result "0-1"]
[WhiteElo "2495"]
[BlackElo "2465"]
[Annotator "Schussler,H"]
[PlyCount "112"]
[EventDate "1991.09.??"]
[EventType "match"]
[EventRounds "16"]
[EventCountry "PHI"]
[SourceTitle "CBM 026"]
[Source "ChessBase"]
[SourceDate "1992.02.01"]
[SourceVersion "1"]
[SourceVersionDate "1992.02.01"]
[SourceQuality "1"]

1. e4 e5 2. Nf3 Nc6 3. Bb5 a6 4. Ba4 Nf6 5. O-O Be7 6. Re1 b5 7. Bb3 O-O 8. d3
d6 9. c3 Na5 10. Bc2 c5 11. Nbd2 Nc6 12. Nf1 Re8 13. h3 Bb7 (13... h6 {
Chiburdanidze,M-Xie Jun (04)/WchW/1991/1-0/56/}) 14. Ng3 Bf8 15. Nf5 Ne7 16.
Nxe7+ Bxe7 17. a4 Bf8 18. Bg5 h6 19. Bh4 $6 Be7 20. d4 Qc7 21. dxe5 dxe5 22.
Qe2 c4 $1 23. Red1 Qc5 24. Nh2 $2 b4 25. cxb4 Qxb4 26. Nf3 Nh5 27. Bxe7 Qxe7
28. g3 (28. Qxc4 Rec8 (28... Rac8 29. Qb3) 29. Qe2 Nf4 30. Qd2 $15) 28... Qe6
29. Kh2 Nf6 30. Ra3 a5 31. Re3 Bc8 32. Qf1 Rb8 33. Rb1 Ba6 34. Qe1 Rb4 35. b3
Reb8 36. bxc4 Nd7 37. Reb3 Qxc4 38. Rxb4 $6 (38. Bd3 Rxb3 39. Bxc4 Rxb1 $17) (
38. Qd1 $1 Qc5 39. Re3) 38... axb4 39. Bb3 Qd3 $1 40. Qd1 Qxd1 41. Rxd1 Nc5 42.
Rb1 Bd3 43. Rb2 Bxe4 44. Nxe5 Nxb3 45. Rxb3 Bd5 46. Rb2 b3 47. Nd3 f6 48. g4
Bc4 49. Nc5 (49. Nc1 Rd8 50. Rb1 (50. Nxb3 Rb8 $19) 50... Rd1 $19) 49... Rc8
50. Ne4 Bd5 51. Ng3 Ra8 (51... Rc2 $2 52. Rxc2 $1 bxc2 53. Ne2) 52. Ne2 Rxa4
53. Nc3 Ra2 $1 54. Rb1 Rxf2+ 55. Kg1 Rg2+ 56. Kf1 Rh2 0-1

[Event "Hastings 9091"]
[Site "Hastings"]
[Date "1990.12.??"]
[Round "4"]
[White "Kosten, Anthony C"]
[Black "Larsen, Bent"]
[Result "1-0"]
[WhiteElo "2510"]
[BlackElo "2545"]
[Annotator "Schussler,H"]
[PlyCount "75"]
[EventDate "1990.12.??"]
[EventType "tourn"]
[EventRounds "14"]
[EventCountry "ENG"]
[EventCategory "13"]
[SourceTitle "CBM 022"]
[Source "ChessBase"]
[SourceDate "1991.06.01"]
[SourceVersion "1"]
[SourceVersionDate "1991.06.01"]
[SourceQuality "1"]

1. e4 e5 2. Nf3 Nc6 3. Bb5 a6 4. Ba4 Nf6 5. O-O Be7 6. Re1 b5 7. Bb3 d6 8. c3
Na5 9. Bc2 c5 10. d3 O-O 11. Nbd2 Re8 12. Nf1 Bf8 13. h3 h6 14. Ng3 Nc6 15. d4
$1 {Otherwise Black can liberate himself with 15. - d5.} cxd4 16. cxd4 Nxd4 17.
Nxd4 exd4 18. b3 {Better than 18.Qxd4 Qc7 and eventually d6-d5.} Bb7 19. Bb2 d5
20. e5 Ne4 21. Bxd4 $14 (21. Nxe4 dxe4 22. Bxe4 Bxe4 23. Rxe4 Bc5 24. Bxd4 Qd5
$10) 21... Qh4 22. Re3 Rac8 23. Nxe4 dxe4 24. Qe2 Ba3 25. Rd1 $1 {25.Bxe4?
Bc1! is good for Black.} Ba8 26. Rg3 $2 h5 27. Re3 Red8 28. b4 $2 Bxb4 29. Bb3
Be7 30. e6 f5 31. Bb2 Kh7 {31. - f4!?} 32. Rg3 g6 33. Rd7 f4 34. Rc3 Rxd7 35.
Rxc8 Rd8 36. Rxd8 Bxd8 37. Qd2 Be7 $2 (37... e3 38. fxe3 fxe3 39. Qxe3 Qe4 $13)
38. Qd4 $1 {38. - Kh6 39.Qg7 + -} 1-0

[Event "World Women-ch"]
[Site "Manila"]
[Date "1991.??.??"]
[Round "4"]
[White "Chiburdanidze, Maia"]
[Black "Xie, Jun"]
[Result "1-0"]
[WhiteElo "2495"]
[BlackElo "2465"]
[Annotator "Schussler,H"]
[PlyCount "111"]
[EventDate "1991.09.??"]
[EventType "match"]
[EventRounds "16"]
[EventCountry "PHI"]
[SourceTitle "CBM 026"]
[Source "ChessBase"]
[SourceDate "1992.02.01"]
[SourceVersion "1"]
[SourceVersionDate "1992.02.01"]
[SourceQuality "1"]

1. e4 e5 2. Nf3 Nc6 3. Bb5 a6 4. Ba4 Nf6 5. O-O Be7 6. Re1 b5 7. Bb3 O-O 8. d3
(8. c3 d5) 8... d6 9. c3 Na5 10. Bc2 c5 11. Nbd2 Re8 12. Nf1 Nc6 13. h3 h6 14.
Ne3 Bf8 15. Nh2 d5 $6 16. Nhg4 Nxg4 17. hxg4 $5 d4 18. Nf5 c4 19. dxc4 bxc4 20.
Ba4 Bd7 21. Bd2 Rb8 22. b3 cxb3 23. axb3 Ne7 (23... dxc3 24. Bxc3 g6 25. Nd6)
24. cxd4 Nxf5 25. gxf5 exd4 26. Ba5 $1 Qe7 (26... Qxa5 27. Bxd7 $18) 27. Qxd4
Bxa4 28. bxa4 Qc5 29. Qd2 Qc4 30. e5 Bc5 31. Rac1 Qd4 32. e6 Rb2 33. Qxd4 Bxd4
34. exf7+ Kxf7 35. Rc7+ Kf8 36. Rxe8+ Kxe8 37. Be1 Bb6 38. Rc4 Rb1 39. Re4+ Kf7
40. Kh2 h5 41. g3 Kf6 42. a5 Bc7 43. Bc3+ Kxf5 44. Rc4 Bd8 45. Rc5+ Kg6 $2 (
45... Kg4 $2 46. Kg2 {/\ 47.f3 #}) (45... Ke4 46. Bxg7 Rb5) 46. Rc6+ Kh7 47.
Rxa6 Rc1 48. Bd4 Rd1 49. Bc3 Rc1 50. Ra8 Bc7 51. Bd4 Rc4 52. Be3 h4 53. a6
hxg3+ 54. Kg2 Bf4 55. a7 gxf2 56. Bxf2 1-0